[Event "Biella op-A 4th"]
[Site "Biella"]
[Date "2013.09.27"]
[Round "1"]
[White "Laurenti, Stefano"]
[Black "Stella, Andrea"]
[Result "0-1"]
[WhiteElo "2070"]
[BlackElo "2458"]
[PlyCount "76"]
[EventDate "2013.09.27"]
[EventType "swiss"]
[EventRounds "5"]
[EventCountry "ITA"]
[SourceTitle "CBM 156 Extra"]
[Source "ChessBase"]
[SourceDate "2013.10.22"]
[SourceVersion "1"]
[SourceVersionDate "2013.10.22"]
[SourceQuality "1"]

1. e4 e6 2. d4 d5 3. Nc3 Nf6 4. Bg5 Bb4 5. e5 h6 6. Bd2 Bxc3 7. bxc3 Ne4 8. Qg4 Kf8 9. Be3 c5 10. Bd3 Nxc3 11. dxc5 Qa5 12. Nf3 Ne4+ 13. Nd2 Qc3 14. Rd1 Nxd2 15. Rxd2 Qa1+ 16. Rd1 Qxe5 17. 0-0 Nc6 18. Bb5 Qf6 19. Bxc6 bxc6 20. Qa4 e5 21. f4 e4 22. Bd4 Qg6 23. f5 Bxf5 24. Rxf5 Qxf5 25. Qxc6 Rc8 26. Qb7 Kg8 27. Rf1 Qe6 28. Qxa7 e3 29. Re1 e2 30. Qa3 Re8 31. Qd3 Qe4 32. Kf2 Qh4+ 33. g3 Qxh2+ 34. Kf3 Qh5+ 35. Kf2 f5 36. Rxe2 Rxe2+ 37. Qxe2 Qxe2+ 38. Kxe2 Kf7 0-1

[Event "ITA-ch U20"]
[Site "Bratto"]
[Date "2005.08.24"]
[Round "5"]
[White "Gallucci, Alessio"]
[Black "Laurenti, Stefano"]
[Result "1-0"]
[WhiteElo "1656"]
[BlackElo "1937"]
[PlyCount "83"]
[EventDate "2005.08.20"]
[EventType "swiss"]
[EventRounds "9"]
[EventCountry "ITA"]
[SourceTitle "EXT 2006"]
[Source "ChessBase"]
[SourceDate "2005.11.24"]
[SourceVersion "1"]
[SourceVersionDate "2005.11.24"]
[SourceQuality "1"]

1. e4 d6 2. d4 Nf6 3. Nc3 c6 4. f4 Qa5 5. Bd3 e5 6. Nf3 Bg4 7. Be3 Nbd7 8. 0-0 Be7 9. h3 Bh5 10. Ne2 Bxf3 11. Rxf3 exf4 12. Bxf4 g5 13. Bh2 g4 14. b4 Qg5 15. Bf4 Qg7 16. Rg3 h5 17. e5 dxe5 18. dxe5 Nd5 19. Bf5 Nxe5 20. Qd4 Nxf4 21. Qxf4 Nf3+ 22. gxf3 Qxa1+ 23. Kf2 Bh4 24. c3 Bxg3+ 25. Qxg3 Kf8 26. Qd6+ Kg8 27. Qf6 Qh1 28. Nd4 Qh2+ 29. Kf1 Qf4 30. Bh7+ Rxh7 31. Qxf4 Re8 32. hxg4 h4 33. Kg2 Re1 34. Qg5+ Kf8 35. Qd8+ Re8 36. Qd6+ Kg8 37. Kh3 Rg7 38. Nf5 Rh7 39. g5 Rh5 40. Nh6+ Kh7 41. Kg4 Re6 42. Qd3+ 1-0

[Event "ITA-ch U20"]
[Site "Porto San Giorgio"]
[Date "2004.08.27"]
[Round "8"]
[White "Valsecchi, Alessio"]
[Black "Laurenti, Stefano"]
[Result "0-1"]
[WhiteElo "1739"]
[BlackElo "1823"]
[PlyCount "78"]
[EventDate "2004.08.20"]
[EventType "swiss"]
[EventRounds "9"]
[EventCountry "ITA"]
[SourceTitle "EXT 2005"]
[Source "ChessBase"]
[SourceDate "2004.11.15"]
[SourceVersion "1"]
[SourceVersionDate "2004.11.15"]
[SourceQuality "1"]

1. e4 d5 2. exd5 Qxd5 3. Nc3 Qa5 4. d4 Nf6 5. Bd2 c6 6. Bc4 Bf5 7. Nf3 e6 8. 0-0 Qc7 9. Re1 Be7 10. Bb3 Nbd7 11. Qe2 0-0 12. h3 Rad8 13. Nh4 Bg6 14. Nxg6 hxg6 15. a4 Nb6 16. a5 Nbd5 17. Nxd5 cxd5 18. Ra4 Ne4 19. c4 Bf6 20. Bc3 Rfe8 21. c5 e5 22. dxe5 Nxc5 23. Rb4 Nxb3 24. Rxb3 d4 25. Bd2 Rxe5 26. Qd1 Rf5 27. Qg4 Qc2 28. Qd1 d3 29. Rxb7 Bd4 30. Kh1 Rxf2 31. Qxc2 dxc2 32. Bc1 Bf6 33. Rxa7 Rd1 34. Ra8+ Kh7 35. Rae8 Rf5 36. Kh2 Rxa5 37. b4 Ra1 38. R1e2 Rdxc1 39. Rc8 Bh4 0-1

[Event "ITA-ch U20"]
[Site "Porto San Giorgio"]
[Date "2004.08.25"]
[Round "6"]
[White "Laurenti, Stefano"]
[Black "Adami, Roberto"]
[Result "1-0"]
[WhiteElo "1823"]
[BlackElo "1652"]
[PlyCount "53"]
[EventDate "2004.08.20"]
[EventType "swiss"]
[EventRounds "9"]
[EventCountry "ITA"]
[SourceTitle "EXT 2005"]
[Source "ChessBase"]
[SourceDate "2004.11.15"]
[SourceVersion "1"]
[SourceVersionDate "2004.11.15"]
[SourceQuality "1"]

1. e4 c5 2. Nc3 d6 3. f4 Nc6 4. Nf3 Nf6 5. Bc4 e6 6. 0-0 a6 7. a4 Be7 8. d3 Qc7 9. Qe1 0-0 10. Kh1 Rd8 11. Bd2 d5 12. e5 dxc4 13. exf6 Bxf6 14. Ne4 Be7 15. dxc4 Nd4 16. Bc3 b6 17. Rd1 Nf5 18. Neg5 Rxd1 19. Qxd1 h6 20. Nxf7 Kxf7 21. Ne5+ Kg8 22. Qh5 Bf8 23. Qg6 Qe7 24. Ng4 Nd4 25. Nxh6+ Kh8 26. Qh5 Qd8 27. Nf7+ 1-0

[Event "ITA-ch U20"]
[Site "Porto San Giorgio"]
[Date "2004.08.20"]
[Round "1"]
[White "Buchicchio, Giampaolo"]
[Black "Laurenti, Stefano"]
[Result "1-0"]
[WhiteElo "2291"]
[BlackElo "1823"]
[PlyCount "67"]
[EventDate "2004.08.20"]
[EventType "swiss"]
[EventRounds "9"]
[EventCountry "ITA"]
[SourceTitle "EXT 2005"]
[Source "ChessBase"]
[SourceDate "2004.11.15"]
[SourceVersion "1"]
[SourceVersionDate "2004.11.15"]
[SourceQuality "1"]

1. e4 d6 2. d4 Nf6 3. Nc3 c6 4. h3 Nbd7 5. Nf3 e5 6. Be3 Be7 7. Be2 Qc7 8. a4 a5 9. 0-0 0-0 10. Nd2 Re8 11. f4 Nf8 12. Nc4 Be6 13. d5 cxd5 14. exd5 Bc8 15. fxe5 N6d7 16. exd6 Bxd6 17. Nb5 Bh2+ 18. Kh1 Qb8 19. d6 Ne5 20. Kxh2 Nxc4 21. Bxc4 Rxe3 22. Qd4 Re6 23. Rxf7 Kxf7 24. Rf1+ Kg8 25. Nc7 Bd7 26. Qf4 Kh8 27. Qf7 h6 28. Bxe6 Bxe6 29. Qxf8+ Qxf8 30. Rxf8+ Rxf8 31. Nxe6 Rf7 32. Nc5 Rf5 33. Nxb7 Rd5 34. c4 1-0